书目信息 |
| 题名: |
中原智库.2021
|
|
| 作者: | 李庚香 主编 | |
| 分册: | ||
| 出版信息: | 郑州 河南人民出版社 2021.10 |
|
| 页数: | 499页 | |
| 开本: | 20cm | |
| 丛书名: | ||
| 单 册: | ||
| 中图分类: | F127.61 | |
| 科图分类: | ||
| 主题词: | 经济--中国 | |
| 电子资源: | ||
| ISBN: | 978-7-215-12782-1 | |
| 000 | 00583nam0 2200193 450 | |
| 001 | 2135116174 | |
| 005 | 20211124094854.79 | |
| 010 | @a978-7-215-12782-1@dCNY60.00 | |
| 100 | @a20211124d2021 km y0chiy0120 ea | |
| 101 | 0 | @achi |
| 102 | @aCN@b410000 | |
| 200 | 1 | @a中原智库.2021@AZhong Yuan Zhi Ku.2021@f李庚香主编@FLi Geng Xiang Zhu Bian |
| 210 | @a郑州@c河南人民出版社@d2021.10 | |
| 215 | @a499页@d20cm | |
| 606 | 0 | @a经济@x中国 |
| 690 | @aF127.61@v4 | |
| 701 | 0 | @a李庚香@ALi Geng Xiang@4主编 |
| 801 | 0 | @aCN@b大连网信软件有限公司图书馆·11@c20211124 |
| 905 | @aZUCC@dF127.61@eL1672 | |
| 中原智库.2021/李庚香主编.-郑州:河南人民出版社,2021.10 |
| 499页;20cm |
| ISBN 978-7-215-12782-1:CNY60.00 |
| ● |
| 相关链接 |
|
|
|
正题名:中原智库.2021
索取号:F127.61/L1672
 
预约/预借
| 序号 | 登录号 | 条形码 | 馆藏地/架位号 | 状态 | 备注 |
| 1 | 1505263 | 215052635 | 社科库409/409社科库 70排4列5层/ [索取号:F127.61/L1672] | 在馆 | |
| 2 | 1505264 | 215052644 | 社科库409/409社科库 70排4列5层/ [索取号:F127.61/L1672] | 在馆 | |
| 3 | 1505265 | 215052653 | 社科库409/409社科库 70排4列5层/ [索取号:F127.61/L1672] | 在馆 | |
| 4 | 1505266 | 215052662 | 社科库409/409社科库 70排4列5层/ [索取号:F127.61/L1672] | 在馆 | |
| 5 | 1505267 | 215052671 | 社科库409/409社科库 70排4列5层/ [索取号:F127.61/L1672] | 在馆 | |
| 6 | 1505268 | 215052680 | 社科库409/409社科库 70排4列5层/ [索取号:F127.61/L1672] | 在馆 |